000 00920cam a22002294a 4500
005 20250605164246.0
008 250528s ||||||||||||||||||||||||d
035 _a21507
020 _a9780333792551
040 _aGR-AtMCL
_bgre
_dGR-AtMCL
_eAACR2
245 1 _aMONETARY ECONOMICS: POLICY AND ITS THEORETICAL BASIS
250 _a1
260 _bPalgrave Macmillan,
_c2003
300 _a509
505 0 _aTHE MEANING OF MONEY DEFINITIONS OF MONEY IN ECONOMICS THE MONEY SUPPLY PROCESS MONEY SUPPLY AND CONTROL IN THE UK THE THEORY AND DEMAND FOR MONEY TESTING THE DEMAND FOR MONEY FUNCTION
520 _aTHE MEANING OF MONEY DEFINITIONS OF MONEY IN ECONOMICS THE MONEY SUPPLY PROCESS MONEY SUPPLY AND CONTROL IN THE UK THE THEORY AND DEMAND FOR MONEY TESTING THE DEMAND FOR MONEY FUNCTION
700 1 _aBain Keith
_97389
700 1 _aHowells Peter
_97390
942 _cBK
999 _c6569
_d6569